00794 2200289 4500001002100000005001500021035002500036008004100061020002200102040001700124082001500141084001700156100001900173245004300192250001200235260003600247300004200283650002100325850001200346007000300358090002100361090002200382504003400404999002200438990002200460990002200482INLIS00000000001629820200621104619 a0010-011600000000389160120s2014 yoia g ind d a978-602-262-391-5 aYOPDYOGbind04222a741.58 a741.58 ELL a0 aElly Herliyani00aAnimasi dua dimensi /cElly Herliyani. aCet. 1. aYogyakarta :bGraha Ilmu,c2014 axx, 151 halaman :bilustrasi ;c26 cm 4aKomputer animasi aYOPDYOGta aDEP 741.58 ELL a aCB-D.11 2014-1960 aBibliografi : halaman 147-151 aCB-D.11/2014-1960 aCB-D.11/2014-1960 aCB-D.11/2014-1960